NBA Finals Starting Lineups - Statistics

General Stats
  • This quiz has been taken 2,181 times
  • The average score is 8 of 10
Answer Stats
Team Player Position % Correct
Golden State Warriors Stephen Curry Point Guard
100%
Golden State Warriors Klay Thompson Shooting Guard
99%
Cleveland Cavaliers LeBron James Small Forward
97%
Golden State Warriors Draymond Green Power Forward
96%
Cleveland Cavaliers Kyrie Irving Point Guard
95%
Cleveland Cavaliers Kevin Love Power Forward
91%
Cleveland Cavaliers J.R. Smith Shooting Guard
85%
Golden State Warriors Andre Iguodala Small Forward
66%
Golden State Warriors Andrew Bogut Center
64%
Cleveland Cavaliers Timofey Mozgov Center
33%
No matching quizzes found
Score Distribution
Percent of People with Each Score
Percentile by Number Answered
Your Score History
You have not taken this quiz